10 größte Agglomerationen, die mit E beginnen - Statistiken

Allgemein
  • Dieses Quiz wurde 27 mal gespielt
  • Das Durchschnittsergebnis liegt bei 4 aus 10
Antwortstatistiken
Einwohner Agglomeration Staat % Korrekt
550 Edinburgh Vereinigtes Königreich
83%
1.300 Edmonton Kanada
74%
1.400 Erbil Irak
61%
700 East London Südafrika
30%
1.150 Enugu Nigeria
30%
850 Eskisehir Türkei
30%
1.000 Ezhou China
30%
600 El Obeid Sudan
26%
800 Erode Indien
26%
850 El Paso USA
13%
Keine übereinstimmenden Quizze gefunden
Verteilung der Resultate
Anzahl Personen mit jedem Resultat
Perzentil nach korrekt beantworteten Fragen
Ihre Resultats-Entwicklung
Sie haben dieses Quiz noch nicht gespielt